000 00699nam a2200205 a 4500
003 0
005 20250203112846.0
008 130824s19uu xx 00 eng d
050 _aPHS HF 5415
_b.T693 2013
100 _aTorres, Janina Anne M.
245 _aThe relationship of impulsive buying and shopping behavior of Grade 11 student /
_cJanina Anne M. Torres.
260 _aLas PiƱas City, Philippines :
_bSouthville International School and Colleges,
_c2013.
300 _a35 p. :
_bill. ;
_c28 cm.
504 _aIncludes bibliographical references.
650 _aConsumer behavior.
650 _aImpulse buying.
650 _aShopping.
650 _aShopping behavior.
942 _2lcc
_cPASS
999 _c98949
_d98949